The fastest music videos to reach 2 billion views on YouTube - Statistics

General Stats
  • This quiz has been taken 22 times
  • The average score is 4 of 17
Answer Stats
Days to reach the milestone Song % Correct
154.4 Despacito
70%
684.2 Gangnam style
70%
187.2 Shape of you
65%
334.8 APT.
35%
394.0 Sorry
30%
515.2 See you again
25%
619.5 Hello
20%
542.8 Perfect
20%
710.5 Dame tu cosita
15%
681.9 Calma remix
10%
555.2 Closer
10%
564.9 Con calma
10%
293.2 Girls like you
10%
433.0 Mi gente
10%
379.5 Chantaje
5%
604.3 Te bote remix
5%
703.4 This is what you came for
5%
No matching quizzes found
Score Distribution
Percent of People with Each Score
Percentile by Number Answered
Your Score History
You have not taken this quiz